000 01139nam a22003257a 4500
003 CHAP
005 20220329140629.0
008 971013s1967 r 00010 d
010 _a55039
011 _a56011
035 _a60164
040 _cCHAP
082 _a311.21
_bY3
100 0 0 _aYamane, Taro.
_9122965
245 _aElementary sampling theory
260 _aEnglewood Cliffs :
_bPrintice-Hall,
_c1967
300 _a405 p.
590 _aBATCH-UPD
_b10
_c20130110
_lUCH01
_h0507
590 _aBATCH-UPD
_b10
_c20130410
_lUCH01
_h0144
590 _aBATCH-UPD
_b10
_c20130914
_lUCH01
_h1833
590 _aCONVERSION
_b10
_c20130109
_lUCH01
_h1330
650 1 4 _aMuestreo estadístico.
_979288
901 _aBK
942 _cLIBRO
949 _a311.21 Y3
_bBC
_cLIBRO
_d33724000295614
_eLIBRO
_fc.4
_h27796
_i60164
_si
949 _a311.21 Y3
_bBC
_cLIBRO
_d33724000295622
_eLIBRO
_fc.6
_h27798
_i60164
_si
949 _a311.21 Y3
_bBC
_cLIBRO
_d33724000295630
_eLIBRO
_fc.3
_h27795
_i60164
_si
949 _a311.21 Y3
_bBC
_cLIBRO
_d33724002015694
_eLIBRO
_fc.2
_h27794
_i60164
_si
949 _a311.21 Y3
_bBC
_cLIBRO
_d33724002204124
_eLIBRO
_fc.7
_h27799
_i60164
_si
999 _c55039
_d55039